000 00432nmm a2200145Ia 4500
008 251105s9999||||xx |||||||||||||||||und||
041 _aspa
100 _aCohen Corasanti, Michelle
245 0 _aComo el viento entre los almendros
264 _a[Madrid, España] :
_bEdiciones B,
_c2015
300 _a352 páginas
650 _aNorth American narrative
856 _uhttps://public.digitaliapublishing.com/a/52881
942 _cCF
999 _c105708
_d105708